Zákon o rozhodcovskom konaní s komentárom

Zákon č. 244/2002 Z.z. o rozhodcovskom konaní v znení zákona č. 521/2005 Z.z., zákona č. 71/2009 Z.z. Tento zákon je samostatným druhom civilného procesu a jedna z foriem alternatívneho riešenia občianskoprávnych alebo obchodnoprávnych sporov.

Salvato in:
Dettagli Bibliografici
Autore principale: Čintala, Peter
Natura: Capitolo di libro
Lingua:slovacco
Soggetti:
Tags: Aggiungi Tag
Nessun Tag, puoi essere il primo ad aggiungerne!!

MARC

LEADER 00000naa$a2200000$$$4500
001 0097417
005 20231120083106.3
041 0 |a slo 
044 |a SK 
245 1 0 |a Zákon o rozhodcovskom konaní s komentárom  |c Peter Čintala 
520 |a Zákon č. 244/2002 Z.z. o rozhodcovskom konaní v znení zákona č. 521/2005 Z.z., zákona č. 71/2009 Z.z. Tento zákon je samostatným druhom civilného procesu a jedna z foriem alternatívneho riešenia občianskoprávnych alebo obchodnoprávnych sporov. 
610 2 0 |a konanie rozhodcovské 
610 2 0 |a zákony 
610 2 0 |a Slovensko 
610 2 0 |a 2002-2009 
100 1 |a Čintala, Peter